000 01782nam a2200217Ia 4500
000 02187naaa 00253uu
001 https://directory.doabooks.org/handle/20.500.12854/37074
008 211013s9999 xx 000 0 und d
024 _a10.26530/oapen_631166
042 _adc
100 1 _aMavhunga, Clapperton
245 0 _aWhat Do Science, Technology, and Innovation Mean from Africa?
260 _aCambridge, Massachusetts
_bThe MIT Press
_c2017
520 _aClapperton Mavhunga's collection of essays about science, technology, and innovation (STI) from an African perspective opens with the idea, Things do not (always) mean the same from everywhere; when we insist that only 'our' meaning is the meaning, we silence other people's meanings. Mavhunga and his contributors argue that our contemporary definitions of STI are those of countries and cultures that have acquired their dominance of others through global empires, and as a counter to that, Mavhunga seeks to put the concepts of STI into question, exploring what the technological, scientific, and innovative might mean from Africa in lieu of outside introductions or influences. We strongly feel that this book is suited to the Knowledge Unlatched program because of the difficulty of reaching markets and readers in Africa with print books. We feel unlatching would go a long way toward helping Mavhunga reach an important audience for this work that we have been previously unable to reach.
540 _aCreative Commons
653 _aSociology
700 1 _aMavhunga, Clapperton
856 _uhttps://docs.google.com/spreadsheets/d/1yKIrdCPDAG_9c22mwoOIO2DOhtj65Wqa/edit?usp=sharing&ouid=106555315294820607512&rtpof=true&sd=true
_yList of Curated E-Books
942 _cE-BOOK
999 _c91162
_d91159